书目信息 |
| 题名: |
通信工程学概论
|
|
| 作者: | 木村磐根 编著 | |
| 分册: | ||
| 出版信息: | 北京 科学出版社 2001.04 |
|
| 页数: | 144页 | |
| 开本: | 26cm | |
| 丛书名: | ||
| 单 册: | ||
| 中图分类: | TN , TN91-43 | |
| 科图分类: | ||
| 主题词: | 通信 | |
| 电子资源: | ||
| ISBN: | 7-03-009195-7 | |
| 000 | 00588nam0 2200205 45 | |
| 001 | 0254605383 | |
| 005 | 2002110815100538 | |
| 010 | @a7-03-009195-7@dRMB 20.00 | |
| 100 | @a20021108d2001 km y0chiy0120 ea | |
| 101 | 0 | @achi |
| 102 | @aCN@b110000 | |
| 200 | 1 | @a通信工程学概论@Atong xin gong cheng xue gai lun@f(日)木村磐根编著@F(ri)mu cun pan gen bian zhu |
| 210 | @a北京@c科学出版社@d2001.04 | |
| 215 | @a144页@d26cm | |
| 606 | 0 | @a通信 |
| 690 | @aTN@v3 | |
| 690 | @aTN91-43@v4 | |
| 701 | 0 | @a木村磐根@Amu cun pan gen@4编著 |
| 801 | 0 | @aCN@bPFT@c20021108 |
| 905 | @a10447@dTN91-43@eM940 | |
| 通信工程学概论/(日)木村磐根编著.-北京:科学出版社,2001.04 |
| 144页;26cm |
| ISBN 7-03-009195-7:RMB 20.00 |
| ● |
| 相关链接 |
|
|
|
正题名:通信工程学概论
索取号:TN91-43/M940
 
预约/预借
| 序号 | 登录号 | 条形码 | 馆藏地/架位号 | 状态 | 备注 |
| 1 | 368609 | 203686092 | 自科库301/301自科库 33排4列3层/ [索取号:TN91-43/M940] | 在馆 | |
| 2 | 368610 | 203686109 | 自科库301/301自科库 33排4列3层/ [索取号:TN91-43/M940] | 在馆 | |
| 3 | 368611 | 203686118 | 自科库301/404自科库 12排2列1层/ [索取号:TN91-43/M940] | 在馆 |